000 00630nam a2200241Ia 4500
003 OSt
005 20221006165340.0
006 a|||||r|||| 00| 0
007 ta
008 221006b |||||||| |||| 00| 0 hin d
024 _a3,627
037 _cTextual
040 _aFML
_cFML
_bhin
041 _2hin
_ahin
082 _aNR44xK12,1, 152J6; K3-;3
100 _aAhoble Au.
_9679660
245 0 _aSangeet Parijat
260 _aHathras
_bSangeet Karyalaya
_c1963
300 _a195
_ccm.
490 _v02
942 _hNR44xK12,1, 152J6; K3-;3
_cTEXL
_2CC
999 _c1120515
_d1120515